00564nam a2200157Ia 4500008004100000020001800041050002200059100002000081245008900101250001000190260003300200300002600233500004800259650003900307700006000346120721s9999 xx 000 0 und d a968-422-486-9 aHF5415.2 A33 1989 aAaker, David A. aInvestigación de mercados / David A. Aaker, George Su Day ; tr. Jaime Gómez Mont a2a ed aMéxico : McGraw-Hill, 1989 a715 p. : il. ; 24 cm. aTraducción de la obra: Marketing research a1. Mercadotecnia - Investigación aI. Day, George S., coaut. II. Gomez Mont, Jaime, tr.Ì